Southville International School and Colleges
Your cart is empty.
  • Cart
  • Lists
    Public lists Eva Luna New books Lux_list list_1
    Your lists Log in to create your own lists
  • Log in to your account
  • Your cookies
  • Search history
Southville International School and Colleges
  • Advanced search
  • Recent comments
  • Most popular
  • Libraries

Log in to your account

Log in with GOOGLE


If you do not have an external account, but do have a local account, you can still log in:

  1. Home
  2. MARC view: A study on the physical abuse among children of Haven for Children /
Normal view MARC view ISBD view

A study on the physical abuse among children of Haven for Children / (Record no. 97523)

[ view plain ]
MARC details
000 -LEADER
fixed length control field 00817nam a2200217 a 4500
003 - CONTROL NUMBER IDENTIFIER
control field 0
005 - DATE AND TIME OF LATEST TRANSACTION
control field 20250320152250.0
008 - FIXED-LENGTH DATA ELEMENTS--GENERAL INFORMATION
fixed length control field 060802s19uu xx 00 eng d
050 ## - LIBRARY OF CONGRESS CALL NUMBER
Classification number PGS HV 6626.5.A78
Item number .N682 2006
100 ## - MAIN ENTRY--PERSONAL NAME
Personal name Nieva, Richard T.
245 ## - TITLE STATEMENT
Title A study on the physical abuse among children of Haven for Children /
Statement of responsibility, etc Richard T. Nieva.
260 ## - PUBLICATION, DISTRIBUTION, ETC. (IMPRINT)
Place of publication, distribution, etc Las Piñas City, Philippines :
Name of publisher, distributor, etc Southville International School and Colleges,
Date of publication, distribution, etc 2006.
300 ## - PHYSICAL DESCRIPTION
Extent 36 pages :
Other physical details illustrations ;
Dimensions 28 cm.
504 ## - BIBLIOGRAPHY, ETC. NOTE
Bibliography, etc Includes bibliographical references.
650 ## - SUBJECT ADDED ENTRY--TOPICAL TERM
Topical term or geographic name as entry element Child abuse – Psychological aspects
650 ## - SUBJECT ADDED ENTRY--TOPICAL TERM
Topical term or geographic name as entry element Abused children
Form subdivision Institutional care.
650 ## - SUBJECT ADDED ENTRY--TOPICAL TERM
Topical term or geographic name as entry element Orphanages
Form subdivision Social conditions.
650 ## - SUBJECT ADDED ENTRY--TOPICAL TERM
Topical term or geographic name as entry element Children
Form subdivision Violence against.
650 ## - SUBJECT ADDED ENTRY--TOPICAL TERM
Topical term or geographic name as entry element Child welfare
Geographic subdivision Philippines.
942 ## - ADDED ENTRY ELEMENTS (KOHA)
Source of classification or shelving scheme Library of Congress Classification
Koha item type PASS
Holdings
Withdrawn status Lost status Source of classification or shelving scheme Damaged status Home library Current library Shelving location Date acquired Source of acquisition Total Checkouts Full call number Barcode Date last seen Price effective from Koha item type
    Library of Congress Classification   Luxembourg Library Luxembourg Library Portfolio Assessment of SISC Students Section 07/24/2006 Donation   PGS HV 6626.5.A78 .N682 2006 P1564 04/08/2014 04/08/2014 PASS

A study on the physical abuse among children of Haven for Children /

APA

Nieva R. T., . (2006). A study on the physical abuse among children of Haven for Children. Las Piñas City, Philippines: Southville International School and Colleges.

Chicago

Nieva Richard T, . 2006. A study on the physical abuse among children of Haven for Children. Las Piñas City, Philippines: Southville International School and Colleges.

Harvard

Nieva R. T., . (2006). A study on the physical abuse among children of Haven for Children. Las Piñas City, Philippines: Southville International School and Colleges.

MLA

Nieva Richard T, . A study on the physical abuse among children of Haven for Children. Las Piñas City, Philippines: Southville International School and Colleges. 2006.

  • Print
  • Cite
  • Add to your cart (remove)
  • Save record
    BIBTEX Dublin Core MARCXML MARC (non-Unicode/MARC-8) MARC (Unicode/UTF-8) MARC (Unicode/UTF-8, Standard) MODS (XML) RIS
  • More searches
    Search for this title in:
    Other Libraries (WorldCat) Other Databases (Google Scholar) Online Stores (Bookfinder.com) Open Library (openlibrary.org)

Exporting to Dublin Core...

SOUTHVILLE LIBRARY

Southville International School and Colleges Library

1281 Tropical Ave. Cor. Luxembourg St., BF Homes International, Las Pinas City

Tel. No. 8256374 / 252358 Loc. 117/146

Powered by Koha